| 000 | 00527nam a2200157 a 4500 | ||
|---|---|---|---|
| 001 | 000045771 | ||
| 005 | 20201002052432.0 | ||
| 008 | 150511sxxu mx a 000 0 spa d | ||
| 040 |
_aDO-SdBNP _bspa _cBNPHU |
||
| 082 |
_axxxx _bxxxx |
||
| 100 | 1 |
_aGarcía Llano, Antonio Vicente _973855 |
|
| 245 | 1 | 3 |
_aEl nuevo milenio del futbol soccer : _bcon una remota y poderosa concepción del hombre / _cAntonio Vicente García Llano. |
| 250 | _a3ª ed | ||
| 260 |
_aCancún, México : _bs. n., _cs. f. |
||
| 300 |
_a234 P. : _bil. ; _c23 cm. |
||
| 999 |
_c45260 _d45260 |
||